|
|
|
|
| LEADER |
00000nam a22000007a 4500 |
| 005 |
20170928174122.0 |
| 007 |
cr|||| ||||| |
| 008 |
170928s2017 bl |||||s|||| 00||0 por d |
| 022 |
|
|
|a 978-85-8183-086-5
|
| 035 |
|
|
|a 20633
|
| 040 |
|
|
|a vLex
|
| 090 |
|
|
|c 7024
|d 7024
|
| 100 |
1 |
|
|a Cordeiro, Carlos Još
|
| 245 |
1 |
0 |
|a Dil̀ogos entre educaȯ̂ e direitos humanos
|h [Recurso electrn̤ico] /
|c Carlos Jos ̌Cordeiro, Josiane Araj︢o Gomes
|
| 256 |
|
|
|a Servicio en ln̕ea
|
| 260 |
|
|
|a Sô Paulo:
|b Pillares,
|c 2017
|
| 506 |
1 |
|
|a Disponible solo en los productos indicados
|d vLex Global
|d vLex Global (Academic Edition, excluding Law Schools)
|d vLex Global (U.S. Academic Edition, Law Schools)
|d vLex Global (U.S. Academic Edition, excluding Law Schools)
|d vLex Global (Academic Edition, Law Schools)
|
| 650 |
0 |
4 |
|a Educacin̤
|z Brasil
|
| 650 |
0 |
4 |
|a Derechos y deberes fundamentales
|z Brasil
|
| 700 |
1 |
|
|a Araj︢o Gomes, Josiane
|
| 740 |
0 |
|
|a vLex Libros (Servicio en ln̕ea)
|
| 856 |
4 |
0 |
|u http://vlex.com/source/dialogos-educa-o-direitos-humanos-20633
|z Acceso restringido
|
| 942 |
|
|
|c BOOK
|
| 999 |
0 |
|
|a Education
|
| 999 |
0 |
|
|a Civil rights
|